| 000 | 00486nam a2200181Ia 4500 | ||
|---|---|---|---|
| 008 | 230711s9999||||xx |||||||||||||| ||und|| | ||
| 020 | _a978-0-07-070240-0 | ||
| 041 | _aENG | ||
| 082 |
_a621.309 _bKR-E |
||
| 100 | _aKraus, John D | ||
| 245 | 0 | _aElectromagnetics with applications | |
| 250 | _a5th Ed. | ||
| 260 |
_c2013 _aNew Delhi _bMcGraw Hill Education(India) Private Limited |
||
| 300 | _a617p. | ||
| 650 | _aElectrical Engineering | ||
| 700 | _aFleisch,Daniel A | ||
| 942 | _cBK | ||
| 999 |
_c6233 _d6233 |
||